Ligne 2 du Métro Paris - Statistiques

Statistiques générales
  • Ce quiz a été pris 1 956 fois
  • Le résultat moyen est 17 sur 25
Statistiques - réponses
Correspondance(s) Station % Correct
M1 M6 M9 ; RER A Nation
93%
T3b ; RER C Porte Dauphine
85%
M1 M6 ; RER A Charles de Gaulle - Etoile
80%
M12 Pigalle
79%
M5 M7 Stalingrad
78%
M4 Barbès - Rochechouart
76%
RER B D E ; Tr H K La Chapelle
74%
M5 M7bis Jaurès
72%
M3 Père Lachaise
71%
Anvers
70%
Blanche
70%
M13 Place de Clichy
70%
M11 Belleville
69%
Rome
68%
M3 Villiers
68%
Victor Hugo
67%
Alexandre Dumas
61%
Monceau
61%
Ternes
60%
Ménilmontant
59%
Colonel Fabien
58%
Avron
57%
Couronnes
56%
Courcelles
55%
Philippe Auguste
52%
Aucun quiz correspondant
Distribution des résultats
% des personnes avec chaque résultat
Percentile par nombre de réponses
Votre historique - résultats
Vous n’avez pas pris ce quiz